000
00224nam a2200073Ia 4500
008
170817s9999 xx 000 0 und d
100
_a
Gupta.B.N
245
0
_a
Physical Education Organisation Development And Teaching Teachniques
260
_b
Alfa Publications
999
_c
38861
_d
38861